01079 2200349 4500001002100000005001500021035002000036007000300056040001700059100005300076245005500129250001100184300003500195020002200230041000800252082001000260084001600270090002000286264003600306336002100342337003000363338002300393650001600416700004400432700005100476700004500527700004100572700004300613850001000656008004100666990002200707INLIS00000000001001120260409115908 a0010-0123000338ta aSBPUPADbind1 aPenulis Ke-1, Nashir Sulaiman Al-UmarePengarang1 aSMS Tadabbur Al-Qur'an /cNashir Sulaiman Al-Umar aCet. 2 avi, 430 hlm, :bilus, ;c15 cm a978-979-26-6786-817aind a297.1 a297.1 SUL s a297.1 SUL s 2-4 aSurabaya :bPustaka eLBA,c2015 2rdacontentaTeks 2rdamediaatanpa perantara 2rdacarrieravolume 4aAgama Islam1 aPenulis Ke-2, Umar Al-MuqbilePengarang1 aPenulis Ke-3, Muhammad Al-KhudhairiePengarang0 aEditor Ke-1, Ainul Haris UmarePengarang0 aEditor Ke-2, Jon HariyadiePengarang0 aEditor Ke-3, Waznin MahfudhePengarang aPUPAD260409 0  a24.500/H/DPK/2017